Experimentálny koncept automobilového interiéru

Enregistré dans:
Détails bibliographiques
Auteur principal: Malík, Ladislav (Auteur)
Autres auteurs: Maukš, Filip (Directeur de thèse)
Format: Manuscrit Livre
Langue:slovaque
Publié: 2025
Sujets:
Accès en ligne:http://is.stuba.sk/zp/portal_zp.pl?podrobnosti=184863
Tags: Ajouter un tag
Pas de tags, Soyez le premier à ajouter un tag!

MARC

LEADER 00000ntm a22000003a 4500
001 stuzp105128
003 SK-STU
005 20251115210344.6
007 ta
008 150427s2015----xo-----f-mn---000-0-slo-d
040 |a STU  |b slo 
041 0 |a slo 
100 1 |a Malík, Ladislav  |u 059190  |4 aut  |U FAD Fakulta architektúry a dizajnu  |T FAD Ústav dizajnu  |X 99318  |U A9190  |Y 400  |7 99318 
242 0 1 |a Experimental concept of car interior  |y eng 
245 1 0 |a Experimentálny koncept automobilového interiéru 
260 |c 2025 
650 4 |a AI  |2 slo 
650 4 |a Svetlo  |2 slo 
650 4 |a Terapia  |2 slo 
650 4 |a Therapy  |2 eng 
650 4 |a AI  |2 eng 
650 4 |a Light  |2 eng 
700 1 |a Maukš, Filip  |u 059190  |k Z1  |4 ths  |U FAD Fakulta architektúry a dizajnu  |T FAD Ústav dizajnu  |X 62180  |U A9190  |Y 400  |7 62180 
856 4 |u http://is.stuba.sk/zp/portal_zp.pl?podrobnosti=184863